|
|
|
|
| LEADER |
00000nam a2200000 i 4500 |
| 001 |
DIGSARGT0006 |
| 003 |
NyNyDIG |
| 008 |
200511s2018 sp o 000 0 spa d |
| 006 |
m o d |
| 007 |
cr ||||||||||| |
| 035 |
|
|
|a (OCoLC)1157041322
|
| 040 |
|
|
|a DGITA
|b eng
|e rda
|e pn
|c DGITA
|
| 020 |
|
|
|z 9788416900824
|
| 020 |
|
|
|z 8416900825
|
| 043 |
|
|
|a e-sp---
|
| 050 |
1 |
4 |
|a DP402.A42 ebook
|
| 082 |
0 |
4 |
|a 946.765
|
| 100 |
1 |
|
|a Muñoz Lorente, Gerardo,
|e author.
|
| 240 |
1 |
0 |
|a Articles.
|k Selections (2018)
|
| 245 |
1 |
0 |
|a Episodios de la ciudad de Alicante /
|c Gerardo Muñoz Lorente.
|
| 264 |
|
1 |
|a [Paterna, Valencia] :
|b Editorial Sargantana,
|c [2018]
|
| 300 |
|
|
|a 1 online resource.
|
| 336 |
|
|
|a text
|b txt
|2 rdacontent
|
| 337 |
|
|
|a computer
|b c
|2 rdamedia
|
| 338 |
|
|
|a online resource
|b cr
|2 rdacarrier
|
| 347 |
|
|
|a text file
|2 rdaft
|
| 347 |
|
|
|b PDF
|
| 500 |
|
|
|a Articles previously published in the author's weekly column Memorias de Alicante on the newspaper Información during 2014.
|
| 588 |
0 |
|
|a Online resource; title from PDF title page (Digitalia, viewed May 25, 2020)
|
| 651 |
|
0 |
|a Alicante (Spain)
|x History.
|
| 655 |
|
0 |
|a Electronic books.
|
| 791 |
2 |
|
|a Digitalia (Firm),
|e distributor.
|
| 730 |
0 |
|
|a Información (Alicante, Spain)
|
| 793 |
0 |
|
|g Digitalia eBook Collection:
|a Editorial Sargantana
|
| 776 |
0 |
8 |
|i Print version:
|a Muñoz Lorente, Gerardo.
|s Articles. Selections.
|t Episodios de la ciudad de Alicante.
|b Primera edición.
|d [Valencia, España] : Editorial Sargantana, Mayo, 2018
|z 9788416900824
|w (DLC) 2017399762
|w (OCoLC)1047524183
|
| 856 |
4 |
0 |
|3 Digitalia Hispánica
|u https://www.digitaliapublishing.com/a/61821/
|
| 910 |
|
|
|a Premium collection: 2020
|